|
|
|
|
| LEADER |
01074nam a2200301 a 4500 |
| 001 |
c000117013 |
| 003 |
CARM |
| 005 |
20000224163545.0 |
| 008 |
810904s1979 enk 000 1 eng |
| 010 |
|
|
|a 80146472 //r952
|
| 015 |
|
|
|a GB***
|
| 019 |
1 |
|
|a 2064257
|5 LACONCORD2021
|
| 020 |
|
|
|a 0715613782
|
| 035 |
|
|
|a (OCoLC)7673026
|5 LACONCORD2021
|
| 040 |
|
|
|a LC
|b eng
|c LC
|d LC
|
| 050 |
|
0 |
|a PR6005.A765
|b H5
|
| 082 |
0 |
0 |
|a 823/.912
|2 19
|
| 100 |
1 |
|
|a Cartland, Barbara,
|d 1902-
|
| 245 |
1 |
0 |
|a His hour /
|c by Elinor Glyn ; condensed by Barbara Cartland.
|
| 260 |
|
|
|a London :
|b Duckworth,
|c 1979.
|
| 300 |
|
|
|a vi, 182 p. ;
|c 23 cm.
|
| 490 |
1 |
|
|a Barbara Cartland's library of love ;
|v 2
|
| 655 |
|
7 |
|a Love stories.
|2 gsafd
|
| 700 |
1 |
|
|a Glyn, Elinor,
|d 1864-1943.
|t His hour.
|
| 800 |
1 |
|
|a Cartland, Barbara,
|d 1902-
|t Library of love ;
|v 2.
|
| 852 |
8 |
|
|b CARM
|h A2:AD23B0
|i B03059
|p 0150279
|f BK
|
| 999 |
f |
f |
|i 3fe0fd7e-1783-56da-9db2-fb25118cdbc5
|s efdd78af-b4c4-5e06-bc0e-8cc43b25ee99
|
| 952 |
f |
f |
|p Can circulate
|a CAVAL
|b CAVAL
|c CAVAL
|d CARM 1 Store
|e B03059
|f A2:AD23B0
|h Other scheme
|i book
|m 0150279
|